Código civil brasileiro : (Record no. 1317)
[ view plain ]
| 000 -LÍDER | |
|---|---|
| Campo Fixo de Controle | 00952nam a2200289 a 4500 |
| 001 - NÚMERO DE CONTROLE | |
| Campo de Controle | 1317 |
| 003 - IDENTIFICAÇÃO DO NÚMERO DE CONTROLE | |
| Campo de Controle | BR-CuiBMT |
| 005 - DATA E HORA DA ÚLTIMA ATUALIZAÇÃO | |
| Campo de Controle | 20231204235401.0 |
| 008 - DADOS FIXOS | |
| Dados Fixos | 231114s2013 spb 001 0 por d |
| 020 ## - INTERNATIONAL STANDARD BOOK NUMBER | |
| Nº do ISBN | 9788502184497 |
| 040 ## - AGÊNCIA CATALOGADORA | |
| Código da Agência Catalogadora | BR-CuiBMT |
| Agência que transcreveu o registro | BR-CuiBMT |
| 080 ## - Nº DA CLASSIFICAÇÃO DECIMAL UNIVERSAL | |
| Nº Class. CDU | 347 |
| Subd. Auxiliar Comum | (81) |
| -- | (094.5) |
| Nº edição CDU | 2007 |
| 090 ## - NÚMERO DE CHAMADA | |
| Nº classificação | 347(81)(094.5) |
| Cutter | B823c |
| Ano/Edição | 64. ed. |
| 110 1# - ENTRADA PRINCIPAL -- ENTIDADE | |
| Nome da entidade ou lugar | Brasil |
| 240 ## - TÍTULO UNIFORME/ORIGINAL | |
| Título original | [Código civil (2002)] |
| 245 10 - TÍTULO PRINCIPAL | |
| Título principal | Código civil brasileiro : |
| Subtítulo | e constituição federal 2013. |
| 250 ## - EDIÇÃO | |
| Edição | 64. ed. |
| 260 ## - PUBLICAÇÃO, DISTRIBUIÇÃO, ETC. | |
| Local de publicação | São Paulo : |
| Editora | Saraiva, |
| Data | 2013. |
| 300 ## - DESCRIÇÃO FÍSICA | |
| N. páginas ou volumes | xli, 168 p. ; |
| Dimensões | 23 cm |
| 500 ## - NOTAS GERAIS | |
| Notas gerais | Inclui índice. |
| 500 ## - NOTAS GERAIS | |
| Notas gerais | Lei n. 10.406, de 10 de janeiro de 2002, acompanhada de Legislação Complementar, Súmulas e Índices. |
| 610 ## - ASSUNTO -- ENTIDADE | |
| Nome da Entidade ou lugar | Brasil |
| Título da publicação | Decreto-Lei n. 4.657, de 4 de setembro de 1942 |
| 650 ## - ASSUNTO TÓPICO | |
| Cabeçalho tópico ou nome geográfico | Código civil |
| Subdivisão geral | Brasil |
| 650 ## - ASSUNTO TÓPICO | |
| Cabeçalho tópico ou nome geográfico | Direito civil |
| Subdivisão de forma | Legislação |
| Subdivisão geral | Brasil |
| 700 ## - ENTRADA SECUNDÁRIA -- NOME PESSOAL | |
| Nome pessoal | Costa, Indio da, |
| Datas associadas ao nome | 1970- |
| 942 ## - ELEMENTOS DE ENTRADA ADICIONAIS (KOHA) | |
| Fonte de classificação ou esquema de arquivamento | Classificação Decimal Universal |
| Tipo de item do Koha | Livros |
| Estado: removido | Estado: perdido | Fonte de classificação ou esquema de arquivamento | Estado: danificado | Indisponível para empréstimo | Localização permanente | Localização atual | Data de aquisição | Total Checkouts | Número de Chamada completo | Código de barras | Date last seen | Número do exemplar | Preço efetivo a partir de | Tipo de item (Koha) |
|---|---|---|---|---|---|---|---|---|---|---|---|---|---|---|
| Classificação Decimal Universal | Biblioteca da Escola Superior de Contas do TCE/MT | Biblioteca da Escola Superior de Contas do TCE/MT | 04/12/2023 | 347(81)(094.5) B823c 64. ed. | BIBTCEMT23120159 | 04/12/2023 | Ex. 1 | 04/12/2023 | Livros |